| 000 | 00528nam a2200229Ia 4500 | ||
|---|---|---|---|
| 008 | 190123s9999 xx 000 0 und d | ||
| 020 | _a9780531168905 | ||
| 050 | _bA655 2009 | ||
| 100 | _aApte, Sunita | ||
| 245 | 0 | _aIndia / | |
| 245 | 0 | _cby Sunita Apte. | |
| 260 | _aNew York, New York : | ||
| 260 | _bChildren's Press, | ||
| 260 | _c2009 | ||
| 300 | _a48 pages : | ||
| 300 | _bcolored illustrations ; | ||
| 300 | _c22cm. | ||
| 440 | _aA true book. | ||
| 500 | _a770L | ||
| 650 | _aIndia. | ||
| 700 | _aTitle. | ||
| 999 |
_c361138 _d361138 |
||